Musique - Quelle chanson lie ces artistes ? #1 - Statistiques

Statistiques générales
  • Ce quiz a été pris 142 fois
  • Le résultat moyen est 5 sur 20
Statistiques - réponses
Artiste 1 Titre Artiste 2 % Correct
Indila Dernière danse Kyo
86%
GIMS Zombie The Cramberries
79%
John Lennon Imagine Carbonne
69%
Imagine Dragons Demons / Démons Angèle (feat. Damso)
51%
Zaz On ira Jean-Jacques Goldman
34%
Jacques Brel Amsterdam Nothing But Thieves
25%
Coldplay Paradise Lefa (feat. Lomepal)
22%
Maroon 5 Sugar System Of A Down
21%
Eminem Houdini Dua Lipa
18%
ABBA Mamma Mia / MAMMAMIA Maneskin
16%
OneRepublic Run Snow Patrol
16%
Post Malone (feat. 21 Savage) Rockstar DaBaby (feat. Roddy Ricch)
15%
AURORA Runaway Kanye West (feat. Pusha T)
14%
Twenty One Pilots Ride Lana Del Rey
13%
Toto Hold The Line Avicii (feat. ARIZONA)
10%
Hans Zimmer Time Pink Floyd
10%
Bob Dylan Hurricane Britgit Mendler
7%
XXXTentacion Hope NF
3%
Muse Hysteria Def Leppard
3%
The Paper Kites Bloom Corella
1%
Aucun quiz correspondant
Distribution des résultats
% des personnes avec chaque résultat
Percentile par nombre de réponses
Votre historique - résultats
Vous n’avez pas pris ce quiz